• 首页
  • 本馆介绍
  • 公告通知
  • 最新文献
  • 馆藏检索
  • 电子资源
  • 读者导购
  • 参考咨询
  • 我的图书馆
  • 登录
  • 详细信息显示
  • 放入我的书架
  • 预约/预借图书
  • 作者相关作品
  • 分类相关作品
  • 丛书相关作品
  • 出版社相关作品

书目信息

  • 表格格式
  • 工作单格式
  • 卡片格式
题名:
村里最好的学校
    
 
作者: 杨树军 著
分册:  
出版信息: 成都   四川大学出版社  2019.06
页数: 12, 255页
开本: 24cm
丛书名:
单 册:
中图分类: G622.0
科图分类:
主题词: 小学教育--xiao xue jiao yu--教育研究
电子资源:
ISBN: 978-7-5690-2632-0
000 00856nam0 2200229 450
001 0104125606
005 20201104125710.0
010    @a978-7-5690-2632-0@dCNY69.00
100    @a20190829d2019 em y0chiy50 ea
101 0  @achi
102    @aCN@b510000
105    @aa z 000yy
106    @ar
200 1  @a村里最好的学校@Acun li zui hao de xue xiao@f杨树军著
210    @a成都@c四川大学出版社@d2019.06
215    @a12, 255页@c彩图@d24cm
330    @a本书系作者在小学长期任教的工作经验反思与总结。本书是其对自己教育生涯的沉淀思考。分别包括:一所好学校的标准、如何帮助儿童成长、学校里的各种关系、还有一所好学校背后的精神价值。本书中所应用的图片全部来自深圳市固戍小学。
606 0  @a小学教育@Axiao xue jiao yu@x教育研究
690    @aG622.0@v5
701  0 @a杨树军@Ayang shu jun@4著
801  0 @aCN@bBJSZM@c20201104
905    @b1259416-20@dG622.0@e1118@f5
    
    村里最好的学校/杨树军著.-成都:四川大学出版社,2019.06
    12, 255页:彩图;24cm
    
    
    ISBN 978-7-5690-2632-0:CNY69.00
    本书系作者在小学长期任教的工作经验反思与总结。本书是其对自己教育生涯的沉淀思考。分别包括:一所好学校的标准、如何帮助儿童成长、学校里的各种关系、还有一所好学校背后的精神价值。本书中所应用的图片全部来自深圳市固戍小学。
●
相关链接 在E读中查询图书 在五车中查询图书 在当当中查询图书 在豆瓣中查询图书


正题名:村里最好的学校     索取号:G622.0/1118         预约/预借

序号 登录号 条形码 馆藏地/架位号 状态 备注
1 1259416   212594165   第一样本阅览室/ [索取号:G622.0/1118] 在馆    
2 1259417   212594174   教育系资料室/ [索取号:G622.0/1118] 在馆    
3 1259418   212594183   教育系资料室/ [索取号:G622.0/1118] 在馆    
4 1259419   212594192   第四借阅区/ [索取号:G622.0/1118] 在馆    
5 1259420   212594209   第四借阅区/ [索取号:G622.0/1118] 在馆    
唐山师范学院图书馆 欢迎您!
大连网信软件有限公司© 版权所有